U.S. Cities A-Z by Clue #2 - Statistics

General Stats
  • This quiz has been taken 1,076 times
  • The average score is 18 of 25
Answer Stats
Hint City % Correct
H Known as "The Big Pineapple" Honolulu
94%
C The largest city in North Carolina, its population has tripled since 1980 Charlotte
93%
L State capital named for a U.S. President Lincoln
93%
B One poem called it "the home of the bean and the cod" Boston
91%
K Dubs itself the "southernmost point in the continental US", even though its on an island Key West
90%
P The average high temperature in July is 106.5 °F (41.4 °C) Phoenix
90%
R Capital of the Confederacy during the Civil War Richmond
88%
E Pennsylvania city on the Great Lakes Erie
87%
A It was here, in 1886, that pharmacist John Pemberton blended alcohol, cocaine, and kola nut as an alternative to morphine Atlanta
86%
W Most populous city in Kansas Wichita
85%
F Northernmost city in the U.S. with a population over 10,000 Fairbanks
83%
Y Takes its name from one side of the War of the Roses York
78%
S Located near the confluence of the Mississippi and Missouri rivers St. Louis
76%
N Tony Soprano's home town Newark
73%
O Lost its NFL team in 2019 and its MLB team in 2024 Oakland
71%
D In 2009, the state fair in this city introduced "deep-fried butter" Dallas
69%
T Located about 20 miles south of Seattle Tacoma
69%
V City north of LA whose official name is San Buenaventura Ventura
65%
M From here, you can drive on I-40 across the Mississippi River into Arkansas Memphis
63%
J City in Wyoming known as a popular retreat for billionaires Jackson
59%
G Michigan city known for furniture which has recently rebranded itself as "Beer City USA" Grand Rapids
56%
U With the neighboring city of Champaign, it is home to the University of Illinois Urbana
41%
I Hosts the Coachella Festival Indio
31%
Q Suburb of the above {Queen} Creek
31%
Z Novelist Zane Grey was born in this city in Ohio Zanesville
25%
No matching quizzes found
Score Distribution
Percent of People with Each Score
Percentile by Number Answered
Your Score History
You have not taken this quiz